00675 2200253 4500001002100000005001500021035002000036007000300056008004100059020002200100082001000122084001600132100001900148245008500167250001000252260002800262300003100290650002200321700001900343504002600362990001100388990001100399990001100410INLIS00000000000403420190822092640 a0010-0819000177ta190822 g 0 ind  a978-602-9212-42-6 a745.5 a745.5 SAR p0 aSARI, Sulistyo1 aPerca :bPanduan Berkreasi dan Berbisnis /cSari Sulistyo; editor, Fachmy Casofa acet.1 aSolo :bMetagraf,c2012 a96 hlm. :bilus. ;c27 cm. 4aPERCA. HANDICRAFT0 aFACHMY, Casofa aBibliografi : hlm. 96 a5454 a a5454 b a5454 c